[Event "Biel"]
[Site "Biel"]
[Date "1982.??.??"]
[Round "5"]
[White "Cuartas, Carlos"]
[Black "Nunn, John DM"]
[Result "0-1"]
[WhiteElo "2340"]
[BlackElo "2565"]

1.e4 c5 2.Nf3 d6 3.d4 cxd4 4.Qxd4 Nc6 5.Bb5 Bd7 6.Bxc6 Bxc6 7.Nc3 Nf6 8.Bg5 e6
9.O-O-O Be7 10.Rhe1 O-O 11.Qd2 Qc7 12.Nd4 Rfd8 13.f3 a6 14.g4 Be8 15.Kb1 b5
16.Nf5 exf5 17.Bxf6 Bxf6 18.Nd5 Qc5 19.Nxf6+ gxf6 20.gxf5 Kg7 21.Qg2+ Kf8
22.Rd5 Qc7 23.Qd2 Rac8 24.f4 Bc6 25.Rd4 Bb7 26.Rd1 Re8 27.e5 fxe5 28.Rxd6 Be4
29.Rc1 Bxf5 30.fxe5 Bg6 31.Qf4 Kg8 32.h4 Qc4 33.Qh2 Qg4 34.Rd2 Qh5 35.Re1 Rc4
36.e6 fxe6 37.b3 Rxh4 38.Qd6 Rh1 39.Rxh1 Qxh1+ 40.Kb2 Qb7 41.Re2 Qg7+  0-1

[Event "Biel"]
[Site "Biel"]
[Date "1982.??.??"]
[Round "6"]
[White "Meduna, Eduard"]
[Black "Nunn, John DM"]
[Result "0-1"]
[WhiteElo "2480"]
[BlackElo "2565"]

1.d4 Nf6 2.c4 c5 3.d5 e6 4.Nc3 exd5 5.cxd5 d6 6.Nf3 g6 7.Nd2 Bg7 8.Nc4 O-O
9.Bf4 b6 10.Bxd6 Re8 11.Bg3 Ne4 12.Nxe4 Rxe4 13.e3 b5 14.Nd2 Rb4 15.b3 c4
16.Rc1 c3 17.Nf3 Qa5 18.Bd3 Qxa2 19.O-O Bg4 20.Bc2 Qa6 21.d6 Qc6 22.e4 Nd7
23.h3 Bxf3 24.gxf3 Rd4 25.Qe1 Re8 26.Qe3 b4 27.Rfd1 Qc5 28.Qe2 a5 29.Rxd4 Bxd4
30.Rd1 Ne5 31.f4 Nc6 32.e5 Qxd6 33.Be4 Qc5 34.Qa6 Re6 35.Qc8+ Kg7 36.Bh4 Nxe5
37.Qxc5 Bxc5 38.fxe5 Rxe5 39.Bd3 a4 40.bxa4 b3 41.Rc1 c2 42.Bg3 Rg5 43.Kh2 Rxg3  0-1

[Event "Biel"]
[Site "Biel"]
[Date "1982.??.??"]
[Round "7"]
[White "Nunn, John DM"]
[Black "Lobron, Eric"]
[Result "1-0"]
[WhiteElo "2565"]
[BlackElo "2470"]

1.e4 c6 2.c4 d5 3.exd5 Nf6 4.Nc3 cxd5 5.cxd5 Nxd5 6.Nf3 e6 7.d4 Bb4 8.Qc2 Nc6
9.Bd3 Nxc3 10.bxc3 Nxd4 11.Nxd4 Qxd4 12.Bb5+ Ke7 13.O-O Qxc3 14.Qa4 Bd6 15.Bf4 Bxf4
16.Qxf4 Qc5 17.a4 g5 18.Qg3 Rd8 19.Rac1 Qd5 20.f4 a6 21.Be2 Bd7 22.fxg5 Rac8
23.Qa3+ Qd6 24.Rxf7+ Kxf7 25.Qxd6 Rxc1+ 26.Kf2 Rcc8 27.h4 Kg8 28.h5 Be8 29.Qe7 Rd7
30.Qxe6+ Rf7+ 31.Kg1 Bd7 32.Qb3 Kf8 33.Qxb7 Rc1+ 34.Kh2 Bxa4 35.Qb4+  1-0

[Event "Biel"]
[Site "Biel"]
[Date "1982.??.??"]
[Round "8"]
[White "Hort, Vlastimil"]
[Black "Nunn, John DM"]
[Result "1/2-1/2"]
[WhiteElo "2600"]
[BlackElo "2565"]

1.e4 d6 2.d4 Nf6 3.Nc3 g6 4.f4 Bg7 5.e5 Nfd7 6.Nf3 O-O 7.Bc4 Nb6 8.Be2 dxe5
9.Nxe5 Nc6 10.Be3 Nxe5 11.dxe5 Be6 12.O-O f6 13.exf6 exf6 14.Qe1 Qe7  1/2-1/2

[Event "Biel"]
[Site "Biel"]
[Date "1982.??.??"]
[Round "10"]
[White "Gobet, Fernand"]
[Black "Nunn, John DM"]
[Result "1/2-1/2"]
[WhiteElo "2200"]
[BlackElo "2565"]

1.e4 c5 2.Nf3 d6 3.d4 cxd4 4.Qxd4 Nf6 5.e5 Nc6 6.Bb5 Qa5+ 7.Nc3 Qxb5 8.Nxb5 Nxd4
9.Nfxd4 dxe5 10.Nc7+ Kd8 11.Nxa8 exd4 12.Bf4  1/2-1/2

[Event "Hamburg TV-A"]
[Site "Hamburg"]
[Date "1982.??.??"]
[Round "1"]
[White "Karpov, Anatoly"]
[Black "Nunn, John DM"]
[Result "1/2-1/2"]
[WhiteElo "2700"]
[BlackElo "2565"]

1.e4 d6 2.d4 Nf6 3.Nc3 g6 4.Nf3 Bg7 5.Be2 O-O 6.O-O Bg4 7.Be3 Nc6 8.Qd2 e5
9.d5 Ne7 10.Rad1 Bd7 11.Ne1 Ng4 12.Bxg4 Bxg4 13.f3 Bd7 14.f4 Bg4 15.Nf3 exf4
16.Bxf4 f5 17.Rde1 Bxf3 18.Rxf3 Qd7 19.e5 dxe5 20.Bxe5 Nc8 21.Bxg7 Qxg7 22.h4 Nd6
23.Qf4 Ne4 24.Nxe4 fxe4 25.Qxe4 Rxf3 26.Qxf3 Qxb2 27.c3 Qb6+ 28.Kh2 Rf8 29.Qg3 Qc5
30.Re5 Rf1 31.Re8+ Rf8 32.Rxf8+ Kxf8 33.Qf4+ Kg8 34.c4 b6 35.a4 a5 36.Kg3 Qa3+
37.Kg4 Qe7 38.Kf3 Qa3+ 39.Kg4  1/2-1/2

[Event "Hamburg TV-A"]
[Site "Hamburg"]
[Date "1982.??.??"]
[Round "2"]
[White "Nunn, John DM"]
[Black "Karpov, Anatoly"]
[Result "1/2-1/2"]
[WhiteElo "2565"]
[BlackElo "2700"]

1.e4 e5 2.Bc4 Nc6 3.Nf3 Bc5 4.d3 Nf6 5.O-O d6 6.c3 O-O 7.Bb3 a6 8.Bg5 Ba7
9.Nbd2 Ne7 10.Nc4 Ng6 11.Nh4 Bg4 12.Bxf6 Qxf6 13.Qxg4 Qxh4 14.Qxh4 Nxh4 15.Rad1 Ng6
16.g3 Kh8 17.Ne3 Ne7 18.Nd5 Nxd5 19.Bxd5 c6 20.Bb3 f5 21.Kg2 Rae8 22.f3 g6
23.Rde1 f4 24.Rd1 Be3 25.d4 exd4 26.cxd4 b5 27.Rfe1 Re7 28.Re2 Kg7 29.Rc2 c5
30.dxc5 dxc5 31.Bd5 Rc8 32.b3 Kf6 33.a4 Rec7 34.axb5 axb5 35.Ra1 Ke5 36.Kf1 c4
37.bxc4 bxc4 38.Ra5 Rc5 39.Rxc5 Rxc5 40.Rxc4 Rxc4 41.Bxc4  1/2-1/2

[Event "Hamburg TV-A"]
[Site "Hamburg"]
[Date "1982.??.??"]
[Round "3"]
[White "Nunn, John DM"]
[Black "Bouaziz, Slim"]
[Result "1/2-1/2"]
[WhiteElo "2565"]
[BlackElo "2360"]

1.e4 c5 2.Nf3 d6 3.d4 cxd4 4.Nxd4 Nf6 5.Nc3 a6 6.f4 e5 7.Nf3 Nbd7 8.a4 Be7
9.Bc4 O-O 10.O-O exf4 11.Bxf4 Qb6+ 12.Qd4 d5 13.Qxb6 Nxb6 14.Bb3 Nxe4 15.Nxe4 dxe4
16.Nd2 Be6 17.Bxe6 fxe6 18.Nxe4 Rac8 19.c3 Rc4 20.Bd6 Rxe4 21.Bxe7 Rf5 22.Bb4 Nc4
23.Rxf5 exf5 24.Rd1 a5 25.Bc5 Nxb2 26.Rd7 Rxa4 27.Bd4 Nd3 28.h4 Nf4 29.Rxg7+ Kf8
30.Rxh7 Ne2+ 31.Kf2 Nxd4 32.cxd4 Rxd4 33.Rxb7 Rf4+ 34.Kg3 Rg4+ 35.Kh3 a4
36.Ra7 Rb4 37.h5 Kg8 38.Ra5 f4 39.Kg4 Rb2 40.Rg5+ Kh7 41.Kxf4 a3 42.Kg3 a2
43.Ra5 Rb5 44.Rxa2 Rxh5 45.Ra7+ Kg6  1/2-1/2

[Event "Hamburg TV-A"]
[Site "Hamburg"]
[Date "1982.??.??"]
[Round "4"]
[White "Bouaziz, Slim"]
[Black "Nunn, John DM"]
[Result "1/2-1/2"]
[WhiteElo "2360"]
[BlackElo "2565"]

1.e4 c5 2.Nf3 d6 3.d4 Nf6 4.Nc3 cxd4 5.Nxd4 a6 6.Bg5 e6 7.f4 Qb6 8.Qd2 Qxb2
9.Rb1 Qa3 10.f5 Nc6 11.fxe6 fxe6 12.Nxc6 bxc6 13.e5 dxe5 14.Bxf6 gxf6 15.Ne4 Qxa2
16.Rd1 Be7 17.Bd3 f5 18.O-O Ra7 19.Qh6 Rd7 20.Nf6+ Bxf6 21.Qxf6 Rf8 22.Qxe5 Qd5
23.Qb8 Kf7 24.Kh1 Rg8 25.Rd2 Kg7 26.Bxf5 Qxd2 27.Qe5+ Kh6 28.Qf6+ Rg6 29.Bxg6 hxg6
30.Qf8+ Kh7 31.Qxc8 Qd1 32.Kg1 Qd4+ 33.Kh1 Qd1  1/2-1/2

[Event "Hamburg TV-A"]
[Site "Hamburg"]
[Date "1982.??.??"]
[Round "5"]
[White "Seirawan, Yasser"]
[Black "Nunn, John DM"]
[Result "0-1"]
[WhiteElo "2595"]
[BlackElo "2565"]

1.d4 Nf6 2.c4 c5 3.d5 e6 4.Nc3 exd5 5.cxd5 d6 6.e4 g6 7.f3 Bg7 8.Bg5 O-O
9.Qd2 a6 10.a4 Nbd7 11.Nh3 Qa5 12.Ra3 c4 13.Nf2 Qc7 14.Be2 Rb8 15.a5 b5 16.axb6 Nxb6
17.O-O Nfd7 18.Bh6 Bxh6 19.Qxh6 Nc5 20.g4 Qe7 21.Kh1 Re8 22.Qf4 Nbd7 23.Bxc4 Rxb2
24.Ncd1 Rb4 25.Be2 Ne5 26.Qd2 Qb7 27.g5 Qb6 28.f4 Nc4 29.Bxc4 Rxc4 30.Nb2 Rb4
31.Nbd3 Rb1 32.Rxb1 Qxb1+ 33.Kg2 Nxe4 34.Nxe4 Rxe4 35.Nf2 Re8 36.Re3 Rxe3
37.Qxe3 Bb7 38.Ng4 Bxd5+ 39.Kf2 Qb2+ 40.Ke1 Qb4+ 41.Kf2 Kg7 42.Nf6 Bc6 43.h4 h5
44.Kg3 Qb2 45.Ne4 Bxe4 46.Qxe4 a5 47.Qc4 Qb4 48.Qc1 a4 49.Qa1+ Kg8 50.Qf6 Qb3+
51.Kf2 a3 52.f5 Qb2+  0-1

[Event "Hamburg TV-A"]
[Site "Hamburg"]
[Date "1982.??.??"]
[Round "6"]
[White "Nunn, John DM"]
[Black "Seirawan, Yasser"]
[Result "1/2-1/2"]
[WhiteElo "2565"]
[BlackElo "2595"]

1.e4 c6 2.d4 d5 3.e5 Bf5 4.Nc3 h5 5.Be2 e6 6.Nf3 Bg4 7.O-O Bxf3 8.Bxf3 g6
9.Be3 Bh6 10.Qd3 Kf8 11.Ne2 Nd7 12.c4 dxc4 13.Qxc4 Kg7 14.Nc3 Ne7 15.Bxh6+ Kxh6
16.Rad1 Nb6 17.Qe2 Nf5 18.Be4 Kg7 19.Bxf5 exf5 20.d5 Nxd5 21.Nxd5 cxd5 22.Qb5 Qe7
23.Rxd5 Rhd8 24.Rd6 Rxd6 25.exd6 Qxd6 26.Qxb7 Rb8 27.Qxa7 Rxb2 28.h3 f4 29.Qa8 Qd2
30.a4 Qd4 31.Qf3 Ra2 32.Rd1 Ra1 33.Rxa1 Qxa1+ 34.Kh2 Qxa4 35.Qc3+ Kh7 36.Qc7 Kg8
37.Qb8+ Kg7 38.Qe5+ Kf8 39.Qh8+ Ke7 40.Qe5+ Kd8 41.Qf6+ Ke8 42.Qe5+  1/2-1/2

[Event "Phillips&Drew"]
[Site "London"]
[Date "1982.??.??"]
[Round "?"]
[White "Karpov, Anatoly"]
[Black "Nunn, John DM"]
[Result "1-0"]
[WhiteElo "2720"]
[BlackElo "2590"]

1.e4 c5 2.Nf3 e6 3.d4 cxd4 4.Nxd4 Nf6 5.Nc3 Nc6 6.Ndb5 d6 7.Bf4 e5 8.Bg5 a6
9.Na3 Be6 10.Nc4 Rc8 11.Bxf6 Qxf6 12.Nb6 Rb8 13.Ncd5 Qd8 14.c3 Be7 15.Bc4 O-O
16.O-O Bg5 17.a4 Kh8 18.Qe2 g6 19.Kh1 Bh6 20.b4 f5 21.exf5 gxf5 22.f4 Bxd5
23.Nxd5 e4 24.a5 Bg7 25.Rac1 Ne7 26.Rfd1 Nxd5 27.Bxd5 Qc7 28.Rc2 Qe7 29.Qe3 Rbc8
30.c4 Rc7 31.g3 Re8 32.Rg2 Qf6 33.g4 fxg4 34.Rxg4 Qc3 35.Rg3 Qxb4 36.Rdg1 Qb2
37.Rg5 Qf6 38.R1g4 Qa1+ 39.Kg2 Qb2+ 40.Kh3 Rce7 41.f5 Qf6 42.Rh5 Rf8 43.Rgh4 h6
44.Rg4 Re5 45.Rgg5 Rc8 46.Kg4 Kh7 47.Rg6 Qf8 48.Qg5 Qxf5+ 49.Qxf5 Rxf5 50.Rxg7+ Kxg7
51.Rxf5  1-0

[Event "Phillips&Drew"]
[Site "London"]
[Date "1982.??.??"]
[Round "?"]
[White "Timman, Jan H"]
[Black "Nunn, John DM"]
[Result "1/2-1/2"]
[WhiteElo "2605"]
[BlackElo "2590"]

1.e4 d6 2.d4 Nf6 3.Nc3 g6 4.f4 Bg7 5.Nf3 O-O 6.Bd3 Na6 7.e5 Nd7 8.Be3 Nb4
9.Be2 Nb6 10.a3 N4d5 11.Nxd5 Nxd5 12.Bd2 c5 13.dxc5 dxc5 14.O-O f6 15.c4 Nc7
16.Bc3 Ne6 17.g3 Qc7 18.Bd3 Nd4 19.Bxd4 cxd4 20.f5 gxf5 21.e6 Bxe6 22.Nh4 Bf7
23.Nxf5 e6 24.Nxg7 Kxg7 25.Qg4+ Bg6 26.Bxg6 hxg6 27.Qxd4 e5 28.Qe4 Rad8 29.Rad1 Qb6+
30.Kh1 Rxd1 31.Rxd1 Qxb2 32.Rb1 Qxa3 33.Rxb7+ Rf7 34.Rxf7+ Kxf7 35.Qd5+ Kg7
36.c5 Qc1+ 37.Kg2 Qc2+ 38.Kg1  1/2-1/2

[Event "Phillips&Drew"]
[Site "London"]
[Date "1982.??.??"]
[Round "?"]
[White "Mestel, A Jonathan"]
[Black "Nunn, John DM"]
[Result "1/2-1/2"]
[WhiteElo "2500"]
[BlackElo "2590"]

1.g3 e5 2.Bg2 d5 3.d3 Nf6 4.Nf3 Nc6 5.O-O Be7 6.Na3 O-O 7.c4 e4 8.Ne1 Be6
9.b3 Qc8 10.Bb2 Rd8 11.Qb1 Bh3 12.Nac2 Qe6 13.cxd5 Rxd5 14.dxe4 Rh5 15.Nd3 g5
16.Bf3 Rh6 17.e5 Bxf1 18.Qxf1 Ng4 19.h3 Ngxe5 20.Nxe5 Nxe5 21.Bxb7 Rd8 22.Nd4 Qxh3
23.Qxh3 Rxh3 24.Rc1 Bd6 25.Nf5 g4 26.Bd4 Rh5 27.Nxd6 cxd6 28.a4 Rd7 29.Bc8 Rd8
30.Bxa7 Nd7 31.b4 Rd5 32.Ba6 Rd2 33.a5 Rb2 34.b5 Ra2 35.Bb6 Re8 36.e3 Re5
37.Rc8+ Kg7 38.Bd4 Rxa5 39.Rd8 Nf6 40.Bxe5 dxe5 41.Kg2 Ne4 42.Bb7 Ng5 43.Bc6 Ra1
44.b6 Rb1 45.b7 Nf3 46.Bxf3 gxf3+ 47.Kxf3 Rxb7 48.Ke4 Rb2 49.f3 Rg2 50.g4 Rg3
51.Rd1  1/2-1/2

[Event "Phillips&Drew"]
[Site "London"]
[Date "1982.??.??"]
[Round "?"]
[White "Nunn, John DM"]
[Black "Andersson, Ulf"]
[Result "1/2-1/2"]
[WhiteElo "2590"]
[BlackElo "2635"]

1.e4 c6 2.d4 d5 3.e5 Bf5 4.Nc3 e6 5.g4 Bg6 6.Nge2 f6 7.Nf4 fxe5 8.Nxe6 Qe7
9.Nxf8 exd4+ 10.Be2 dxc3 11.Nxg6 hxg6 12.Qd3 Nf6 13.Qxc3 Nbd7 14.Be3 Ne4
15.Qd4 O-O 16.O-O Qh4 17.f3 Ng3 18.hxg3 Qxg3+ 19.Kh1  1/2-1/2

[Event "Phillips&Drew"]
[Site "London"]
[Date "1982.??.??"]
[Round "?"]
[White "Nunn, John DM"]
[Black "Christiansen, Larry Mark"]
[Result "1-0"]
[WhiteElo "2590"]
[BlackElo "2585"]

1.e4 e5 2.Bc4 Nf6 3.d3 Nc6 4.Nf3 h6 5.O-O d6 6.c3 g6 7.d4 Qe7 8.Nbd2 Bg7
9.Re1 O-O 10.h3 Bd7 11.Nf1 Rae8 12.a4 Kh8 13.Ng3 Nh7 14.dxe5 Nxe5 15.Nxe5 dxe5
16.b3 Rd8 17.Ba3 c5 18.Qd5 b6 19.Qb7 Qf6 20.Rad1 Bxh3 21.Rxd8 Rxd8 22.Qxf7 Bg4
23.Qxf6 Nxf6 24.Nf1 Bc8 25.Bc1 Bb7 26.f3 Bf8 27.Ne3 Kg7 28.Kf2 Be7 29.Rh1 h5
30.Ke2 Bc8 31.Bd2 Bb7 32.Be1 Ne8 33.Bg3 Bf6 34.a5 Nd6 35.axb6 axb6 36.Ra1 Bc6
37.Bd5 Be8 38.Ra7+ Kh6 39.Kd3 g5 40.Kc2 Bg6 41.Rc7 g4 42.Rc6 b5 43.Kb2 c4
44.f4 b4 45.fxe5 bxc3+ 46.Kxc3 cxb3 47.Bf4+ Kh7 48.exf6 Nxe4+ 49.Kxb3 Rd7
50.Kc4 g3 51.Bxe4 Bxe4 52.Re6 Bg6 53.Re7+  1-0

[Event "Phillips&Drew"]
[Site "London"]
[Date "1982.??.??"]
[Round "?"]
[White "Nunn, John DM"]
[Black "Geller, Efim P"]
[Result "1/2-1/2"]
[WhiteElo "2590"]
[BlackElo "2575"]

1.e4 e5 2.Bc4 Nf6 3.d3 Nc6 4.Nf3 Be7 5.O-O O-O 6.Bb3 d6 7.c3 Be6 8.Re1 Qd7
9.Nbd2 Rae8 10.Nf1 a6 11.Ng3 Bd8 12.Bc2 Qc8 13.d4 Bg4 14.Be3 d5 15.h3 exd4
16.cxd4 dxe4 17.hxg4 exf3 18.Bf5 Nd7 19.g5 Ne7 20.Bh3 Nd5 21.Qxf3 c6 22.Qg4 Nxe3
23.Rxe3 Rxe3 24.fxe3 Qc7 25.Rf1 Nb6 26.e4 Qe7 27.Rf5  1/2-1/2

[Event "Phillips&Drew"]
[Site "London"]
[Date "1982.??.??"]
[Round "?"]
[White "Nunn, John DM"]
[Black "Miles, Anthony J"]
[Result "0-1"]
[WhiteElo "2590"]
[BlackElo "2575"]

1.e4 c5 2.Nf3 d6 3.d4 cxd4 4.Nxd4 Nf6 5.Nc3 g6 6.f4 Nc6 7.Nxc6 bxc6 8.e5 Nd7
9.exd6 exd6 10.Be3 Nf6 11.Qd2 Bg7 12.O-O-O d5 13.Bc5 Be6 14.Qd4 Qa5 15.Bb4 Qc7
16.g3 Rb8 17.Ba3 Rg8 18.Qa4 Qb6 19.Bg2 Nd7 20.Rd3 Bf5 21.Re1+ Kd8 22.Rf3 Re8
23.Rxe8+ Kxe8 24.Nd1 Nc5 25.Re3+ Kd8 26.Bxc5 Qxc5 27.c3 d4 28.Rf3 Be4 29.Rf2 dxc3
30.Bxe4 cxb2+ 31.Kd2 b1=Q 32.Bxb1 Rxb1 33.Rf3 Rb4 34.Rd3+ Kc7 35.Qa3 a5 36.Nc3 Bf8
37.Qc1 Qf2+ 38.Kd1 Qg1+ 39.Ke2 Qxc1  0-1

[Event "Phillips&Drew"]
[Site "London"]
[Date "1982.??.??"]
[Round "?"]
[White "Nunn, John DM"]
[Black "Spassky, Boris V"]
[Result "1/2-1/2"]
[WhiteElo "2590"]
[BlackElo "2605"]

1.e4 e5 2.Bc4 Nf6 3.d3 Nc6 4.Nf3 h6 5.O-O d6 6.c3 g6 7.d4 Qe7 8.Nbd2 Bg7
9.Re1 O-O 10.h3 Bd7 11.Nf1 Rae8 12.Ng3 Kh8 13.Bd2 Nh7 14.dxe5 Nxe5 15.Nxe5 dxe5
16.Qb3 b6 17.a4 h5 18.Rad1 Rd8 19.Be3 Ng5 20.Qc2 Ne6 21.Bb5 Bc8 22.a5 Nf4
23.axb6 axb6 24.Bf1 Kh7 25.Ne2 Ne6 26.Ng3 Bf6 27.Bc4 Bg5 28.Bxe6 Bxe6 29.Nf1 Bf6
30.Rxd8 Rxd8 31.Rd1 Rxd1 32.Qxd1 Qd7 33.Qxd7 Bxd7 34.Nd2 Kg7 35.Kf1 Kf8 36.Ke2 Ke7
37.Kd3 Ke6 38.g4 Be7 39.c4 f5 40.gxf5+ gxf5 41.f4 Kf7 42.fxe5 Kg6 43.Nf3 fxe4+
44.Kxe4 Bxh3 45.Kd5 Bg4 46.Nh2 Be2 47.Ke6 Bh4 48.Kd7 Bxc4 49.Nf3 Bg3 50.e6 Kf5
51.e7 Bf7 52.Ng5 Bg6 53.e8=Q Bxe8+ 54.Kxe8 h4 55.Kd7 Kg4 56.Kc6 h3 57.Nxh3 Kxh3
58.Bg5 Kg4 59.Bd8 Be5 60.b3 Kf5 61.Bxc7 Bc3 62.Bxb6 Ke6  1/2-1/2

[Event "Phillips&Drew"]
[Site "London"]
[Date "1982.??.??"]
[Round "?"]
[White "Short, Nigel D"]
[Black "Nunn, John DM"]
[Result "1/2-1/2"]
[WhiteElo "2430"]
[BlackElo "2590"]

1.e4 e5 2.Nc3 Nf6 3.g3 Bc5 4.Bg2 Nc6 5.d3 d6 6.Na4 Be6 7.Nf3 h6 8.O-O O-O
9.Nxc5 dxc5 10.Be3 b6 11.a3 a5 12.Nh4 Qd7 13.Kh1 Bh3 14.f4 Bxg2+ 15.Kxg2 Ng4
16.Bd2 exf4 17.Rxf4 Nge5 18.Nf5 f6 19.Be3 Ne7 20.a4 Nxf5 21.Rxf5 Kh7 22.b3 g6
23.Rf4 Rae8  1/2-1/2

[Event "Lugano op"]
[Site "Lugano"]
[Date "1982.??.??"]
[Round "?"]
[White "Messa, Roberto"]
[Black "Nunn, John DM"]
[Result "0-1"]
[WhiteElo "2350"]
[BlackElo "2590"]

1.e4 c5 2.Nf3 d6 3.d4 cxd4 4.Qxd4 Nf6 5.e5 Nc6 6.Bb5 Qa5+ 7.Nc3 Qxb5 8.Nxb5 Nxd4
9.Nfxd4 dxe5 10.Nc7+ Kd8 11.Nxa8 exd4 12.Bf4 Nd5 13.O-O-O Nxf4 14.Rxd4+ Bd7
15.Rxf4 g6 16.Rc4 Bh6+ 17.Kb1 Bc6 18.b4 e6 19.b5 Bxg2 20.Rg1 Bd5 21.Rh4 Bg7
22.Ra4 Ke7 23.Nc7 Bf3 24.Rg3 Rd8 25.a3 Rd1+ 26.Ka2 Ra1+ 27.Kb3 Rb1+ 28.Kc4 Be2+
29.Kc5 Kd7 30.Rxa7 Kxc7 31.c4 Rd1 32.b6+ Kb8 33.Rb3 Bf8+ 34.Kb5 Rd4 35.Rc3 Rd5+
36.Ka4 Bd1+  0-1

[Event "Lugano op"]
[Site "Lugano"]
[Date "1982.??.??"]
[Round "?"]
[White "Nunn, John DM"]
[Black "Raicevic, Momcilo"]
[Result "1-0"]
[WhiteElo "2590"]
[BlackElo "2335"]

1.e4 c6 2.d4 g6 3.Nc3 d5 4.Nf3 Bg4 5.Be2 Bg7 6.Be3 dxe4 7.Nxe4 Nd7 8.O-O Ngf6
9.Nxf6+ Nxf6 10.c4 O-O 11.Qb3 Qc7 12.h3 Bf5 13.Rfd1 Rfd8 14.Rac1 b6 15.Qa4 Bc8
16.Ne5 Bb7 17.Bf3 c5 18.Bxb7 Qxb7 19.Nc6 Rdc8 20.d5 e6 21.Qb5 exd5 22.cxd5 Nxd5
23.Rxd5 Qxc6 24.Rd8+  1-0

[Event "Lugano op"]
[Site "Lugano"]
[Date "1982.??.??"]
[Round "?"]
[White "Kostic, Milutin B"]
[Black "Nunn, John DM"]
[Result "0-1"]
[WhiteElo "2240"]
[BlackElo "2590"]

1.d4 g6 2.Nf3 Bg7 3.e4 d6 4.c3 Nf6 5.Nbd2 O-O 6.Be2 Nc6 7.O-O Re8 8.b4 a6
9.Bb2 d5 10.e5 Nh5 11.b5 axb5 12.Bxb5 Bd7 13.a4 Na5 14.Re1 Bxb5 15.axb5 Nf4
16.Ba3 Qd7 17.Qb1 Qg4 18.g3 Nc4 19.Bb4 Rxa1 20.Qxa1 Nd3 21.Rf1 Bh6 22.Qd1 Ndb2
23.Qe1 Nd3 24.Qd1 Nxb4 25.Nxc4 dxc4 26.cxb4 c3 27.Kg2 Qe4 28.Re1 c2  0-1

[Event "Luzern ol (Men)"]
[Site "Luzern"]
[Date "1982.??.??"]
[Round "2"]
[White "Liang Jinrong"]
[Black "Nunn, John DM"]
[Result "1/2-1/2"]
[WhiteElo "2385"]
[BlackElo "2565"]

1.e4 c5 2.Nf3 d6 3.d4 cxd4 4.Nxd4 Nf6 5.Nc3 a6 6.Be2 e5 7.Nb3 Be7 8.O-O O-O
9.Be3 Be6 10.Qd2 Nbd7 11.a4 Nb6 12.a5 Nc4 13.Bxc4 Bxc4 14.Rfd1 h6 15.Nc1 Qc8
16.Nd3 Ng4 17.Nb4 Nxe3 18.Qxe3 f5 19.Nbd5 Bg5 20.Qxg5 Bxd5 21.Nxd5 hxg5 22.Ne7+ Kf7
23.Nxc8 Raxc8 24.Rxd6 Rxc2 25.Rb6 fxe4 26.Rxb7+ Kg8 27.Rf1 Rd8 28.Rb3 Rd3
29.Rb4 Rd4 30.Rb3 Kh7 31.h3 Ra4 32.Re1 Rxa5 33.Rxe4 Ra1+ 34.Kh2 Rxf2 35.Rxe5 Rb1
36.Ra5  1/2-1/2

[Event "Luzern ol (Men)"]
[Site "Luzern"]
[Date "1982.??.??"]
[Round "4"]
[White "Hug, Werner"]
[Black "Nunn, John DM"]
[Result "1/2-1/2"]
[WhiteElo "2435"]
[BlackElo "2565"]

1.e4 g6 2.Nc3 Bg7 3.g3 c5 4.Bg2 Nc6 5.d3 d6 6.Nge2 Nf6 7.O-O O-O 8.Bg5 Bd7
9.Qd2 Rc8 10.Bh6 Bxh6 11.Qxh6 Nd4 12.Qd2 Qb6 13.Rab1 Bg4 14.Nxd4 cxd4 15.Nd5 Nxd5
16.exd5 Rc7 17.c4 dxc3 18.bxc3 Qa5 19.Rb4 Bf5 20.Rfb1 Rfc8 21.R1b3 b6 22.h3 e5
23.dxe6 Bxe6 24.Rb5 Qa6 25.c4 Rc5 26.Qb2 Rxb5 27.Rxb5 Rc5 28.Rxc5 dxc5 29.h4 h5
30.Be4 Qa5 31.Kg2 Qa4  1/2-1/2

[Event "Luzern ol (Men)"]
[Site "Luzern"]
[Date "1982.??.??"]
[Round "5"]
[White "Nunn, John DM"]
[Black "Murrey, Jacob"]
[Result "1-0"]
[WhiteElo "2565"]
[BlackElo "2500"]

1.e4 e5 2.Bc4 Nf6 3.d3 c6 4.Nf3 d5 5.Bb3 Bd6 6.Nc3 Be6 7.Bg5 Qa5 8.O-O Nbd7
9.exd5 cxd5 10.Re1 O-O 11.Qd2 b6 12.Bxf6 Nxf6 13.Nxe5 d4 14.Nb1 Bb4 15.c3 Bxb3
16.cxb4 Qa6 17.b5 Qa4 18.Na3 Bd5 19.Rec1 Rac8 20.Rxc8 Rxc8 21.Nec4 Bxc4 22.Nxc4 Rd8
23.Na3 Nd5 24.Kf1 h6 25.Rc1 Qb4 26.Qxb4 Nxb4 27.Ke2 Nxa2 28.Rc4 Rd5 29.Kd2 Kf8
30.Ra4 Rg5 31.g3 Rf5 32.f4 g5 33.Nc4 gxf4 34.Rxa2 Rh5 35.gxf4 Rxh2+ 36.Ke1 h5
37.Rxa7 h4 38.Kf1 Kg8 39.Rd7 Rh3 40.Rxd4 Rg3 41.Kf2  1-0

[Event "Luzern ol (Men)"]
[Site "Luzern"]
[Date "1982.??.??"]
[Round "6"]
[White "Petursson, Margeir"]
[Black "Nunn, John DM"]
[Result "0-1"]
[WhiteElo "2420"]
[BlackElo "2565"]

1.c4 g6 2.d4 Bg7 3.Nc3 Nf6 4.e4 d6 5.f3 O-O 6.Be3 Nc6 7.Nge2 a6 8.Qd2 Rb8
9.h4 h5 10.O-O-O b5 11.Nd5 bxc4 12.Bh6 Nxd5 13.exd5 Nb4 14.Nc3 c6 15.g4 Qa5
16.Bxc4 cxd5 17.Bb3 Be6 18.Bxg7 Kxg7 19.Kb1 Rh8 20.Rdg1 Nc6 21.Ba4 Na7 22.Rh2 Rb4
23.Bb3 Nc6 24.Ne2 Qb6 25.gxh5 Bf5+ 26.Ka1 Rxb3 27.axb3 Nb4 28.Nc3 Nc2+ 29.Ka2 Rb8  0-1

[Event "Luzern ol (Men)"]
[Site "Luzern"]
[Date "1982.??.??"]
[Round "7"]
[White "Nunn, John DM"]
[Black "Suttles, Duncan"]
[Result "1-0"]
[WhiteElo "2565"]
[BlackElo "2430"]

1.e4 e5 2.Bc4 Nf6 3.d3 Nc6 4.Nf3 Qe7 5.O-O Na5 6.Bb5 a6 7.Ba4 b5 8.Bd2 Nb7
9.Bb3 Nc5 10.Bb4 d6 11.Bxc5 dxc5 12.a4 c4 13.dxc4 b4 14.a5 Bd7 15.c3 g5 16.cxb4 g4
17.Ne1 h5 18.Nc3 h4 19.Nd5 Nxd5 20.cxd5 Qxb4 21.Ba4 Qxe4 22.Bxd7+ Kxd7 23.Ra4 Qf5
24.Rxg4 h3 25.g3 Bd6 26.Nc2 Qh7 27.Ne3 f5 28.Qa4+  1-0

[Event "Luzern ol (Men)"]
[Site "Luzern"]
[Date "1982.??.??"]
[Round "11"]
[White "Seirawan, Yasser"]
[Black "Nunn, John DM"]
[Result "1-0"]
[WhiteElo "2595"]
[BlackElo "2565"]

1.c4 Nf6 2.Nc3 g6 3.e4 d6 4.d4 Bg7 5.Be2 O-O 6.Bg5 h6 7.Be3 e5 8.d5 Nbd7
9.Qd2 h5 10.f3 Ne8 11.g4 f5 12.gxf5 gxf5 13.exf5 Nb6 14.Bg5 Qd7 15.Nh3 Qxf5
16.Nf2 c6 17.O-O-O cxd5 18.cxd5 Bd7 19.Nfe4 Rc8 20.b3 Nxd5 21.Qxd5+ Be6 22.Qd2 d5
23.Kb2 dxe4 24.fxe4 Qh3 25.Rdg1 h4 26.Bf1 Qf3 27.Be2 Qh3 28.Qe3 Qxe3 29.Bxe3 a6
30.Rg6 Rf6 31.Rhg1 Kh7 32.R6g5 Bf7 33.R5g4 Rfc6 34.Rxh4+ Kg8 35.Rc1 Nf6 36.Rh3 b5
37.a3 Rb8 38.b4 a5 39.Rg1 axb4 40.axb4 Rxc3 41.Kxc3 Nxe4+ 42.Kd3 Bd5 43.Bf3 Rd8
44.Kc2 Ra8 45.Bc1 Kf8 46.Rh7 Bf6 47.Rc7 Ke8 48.Rd1 Ra2+ 49.Bb2  1-0

[Event "Luzern ol (Men)"]
[Site "Luzern"]
[Date "1982.??.??"]
[Round "14"]
[White "Ribli, Zoltan"]
[Black "Nunn, John DM"]
[Result "1/2-1/2"]
[WhiteElo "2580"]
[BlackElo "2565"]

1.c4 g6 2.g3 Bg7 3.Bg2 d6 4.Nc3 e5 5.d3 Nc6 6.e3 Nge7 7.Nge2 Bg4 8.h3 Be6
9.Nd5 Qd7 10.Rb1 O-O 11.b4 Nc8 12.f4 Nd8 13.e4 c6 14.Ne3 Ne7 15.Bb2 f5 16.exf5 Nxf5
17.Nxf5 Bxf5 18.g4 Be6 19.O-O h5 20.fxe5 Rxf1+ 21.Qxf1 hxg4 22.Nf4 gxh3 23.Be4 dxe5
24.Nxg6 Nf7 25.Qe2 Bg4 26.Qe3 Re8 27.Qg3 Ng5 28.Re1 Nxe4 29.Rxe4 Bf5 30.Nxe5 Qc7
31.Re3 Rf8 32.Nxc6 Qxg3+ 33.Rxg3 Rf7 34.Nxa7 Bxd3 35.Rxd3 Bxb2 36.Kh2 Rf4
37.Kxh3 Rxc4 38.Rd8+ Kf7 39.Rd7+ Ke6 40.Rxb7 Rc3+ 41.Kg4 Ra3 42.Nc6 Rxa2
43.b5 Kd6  1/2-1/2

[Event "Marbella zt-f"]
[Site "Marbella"]
[Date "1982.??.??"]
[Round "2"]
[White "Short, Nigel D"]
[Black "Nunn, John DM"]
[Result "0-1"]
[WhiteElo "2430"]
[BlackElo "2590"]

1.e4 e5 2.Nf3 Nc6 3.Bb5 f5 4.d3 fxe4 5.dxe4 Nf6 6.Qe2 Bc5 7.c3 d6 8.O-O O-O
9.a4 a5 10.Nbd2 Kh8 11.Nb3 Bb6 12.Be3 Bxe3 13.Qxe3 Qe8 14.Nbd2 Nh5 15.Kh1 Rf6
16.Ng1 Qg6 17.Be2 Bd7 18.Bf3 Raf8 19.g3 R6f7 20.Qe2 Nf6 21.Nc4 Be6 22.Rad1 Nd7
23.Nd2 Rf6 24.Bg2 Nc5 25.Ra1 Qh6 26.f3 b6 27.Rfe1 Rg6 28.Nf1 Bc8 29.Qe3 Qh5
30.Red1 Rh6 31.Ra3 Rhf6 32.Rd2 Ba6 33.Rf2 Qf7 34.Nh3 h6 35.Kg1 Bc8 36.Nd2 Qh5
37.g4 Qh4 38.Rf1 Rg6 39.Qe1 Qe7 40.Qe3 Ne6 41.Rd1 h5 42.gxh5 Rh6 43.Nf1 Nf4
44.Nxf4 exf4 45.Qf2 Rxh5 46.Nd2 Rf6 47.Raa1 Rg6 48.Kh1 Rgh6 49.Nf1 Ba6 50.Rd2 Ne5
51.Rad1 Qg5 52.b3 Bxf1  0-1

[Event "Marbella zt-A"]
[Site "Marbella"]
[Date "1982.??.??"]
[Round "2"]
[White "Nunn, John DM"]
[Black "Short, Nigel D"]
[Result "1/2-1/2"]
[WhiteElo "2590"]
[BlackElo "2430"]

1.e4 d6 2.d4 Nf6 3.Nc3 g6 4.Nf3 Bg7 5.Be2 O-O 6.O-O Bg4 7.Be3 Nc6 8.Qd2 e5
9.dxe5 dxe5 10.Rad1 Qxd2 11.Rxd2 Rfd8 12.Rfd1 a6 13.h3 Bxf3 14.Bxf3 Rxd2
15.Rxd2 Rd8 16.Rxd8+ Nxd8 17.Nb1 h5 18.Nd2 Kh7 19.Nc4 Nc6 20.c3 Bh6 21.Kf1  1/2-1/2

[Event "Marbella zt-f"]
[Site "Marbella"]
[Date "1982.??.??"]
[Round "5"]
[White "Nunn, John DM"]
[Black "Stean, Michael"]
[Result "0-1"]
[WhiteElo "2590"]
[BlackElo "2505"]

1.e4 e5 2.Bc4 Nf6 3.d3 Bc5 4.Nf3 d6 5.O-O O-O 6.c3 Bb6 7.Nbd2 Bg4 8.h3 Bh5
9.Re1 Nbd7 10.Nf1 c6 11.Bb3 Nc5 12.Bc2 Re8 13.g4 Bg6 14.Ng3 d5 15.b4 Ncd7
16.Rb1 Nf8 17.Qe2 Ne6 18.Nf5 Qc7 19.N3h4 Bxf5 20.Nxf5 g6 21.Nh4 Qe7 22.Ng2 dxe4
23.dxe4 h5 24.Bb3 hxg4 25.hxg4 Kg7 26.g5 Nh7 27.Bxe6 Qxe6 28.c4 Bd8 29.f4 exf4
30.Nxf4 Qe7 31.Nh3 Bc7 32.e5 Kg8 33.Bf4 Nf8 34.Nf2 Ne6 35.Bg3 Nxg5 36.Ng4 f5
37.Nf6+ Qxf6 38.exf6 Rxe2 39.Rxe2 Bxg3 40.Re7 Be5 41.Rg7+ Kf8 42.Rxg6 Nh3+
43.Kf1 Kf7 44.Rh6 Ng5 45.Rd1 Bxf6 46.Rd7+ Ke6 47.Rxb7 Ne4 48.Rhh7 Rd8 49.Rbc7 f4
50.Rxc6+ Kf5 51.Rh5+ Bg5  0-1